Statystyki dla Największe miasta w Ameryce Łacińskiej

Kliknij tutaj aby rozwiązać quiz!

Ogólne statystyki

  • Ten quiz został rozwiązany 2 061 razy
  • Średni wynik to 12 z 26

Statystyki odpowiedzi

LudnośćAglomeracja% Poprawnych
16,4 mlnBuenos Aires
87%
13,2 mlnRio de Janeiro
82%
9,60 mlnBogota
81%
22,4 mlnSao Paulo
81%
23,0 mlnMeksyk
80%
10,1 mlnLima
78%
7,25 mlnSantiago
77%
4,00 mlnBrasília
75%
3,75 mlnCaracas
74%
2,73 mlnQuito
59%
4,03 mlnMedellin
42%
3,15 mlnGwatemala
40%
5,35 mlnGuadalajara
35%
5,00 mlnBelo Horizonte
32%
4,00 mlnSanto Domingo
29%
2,88 mlnCali
28%
5,00 mlnMonterrey
27%
4,13 mlnPorto Alegre
27%
3,43 mlnKurytyba
25%
3,60 mlnSalvador
24%
3,85 mlnRecife
22%
3,68 mlnFortaleza
21%
3,23 mlnPort-au-Prince
20%
3,15 mlnGuayaquil
13%
3,18 mlnPuebla
12%
3,20 mlnCampinas
7%

Rozkład punktacji

Percentyl według liczby udzielonych odpowiedzi

Procent ludzi z każdym wynikiem

Twoja historia wyników

Nie rozwiązałeś tego quizu